| 000 | 00872nam a2200289Ia 4500 | ||
|---|---|---|---|
| 001 | Z_5534 | ||
| 003 | CHAP | ||
| 008 | 220113s2007 xx 000 0 und d | ||
| 010 | _a168627 | ||
| 040 | _cCHAP | ||
| 090 | _aTesis G 132 | ||
| 100 |
_aGonzález Ruiz, Alma Rosalba _949381 |
||
| 245 |
_aProducción y comercialización de ganado porcino en pie en el estado de Guanajuato / _cAlma Rosalba González Ruiz |
||
| 260 |
_aChapingo, Méx. : _bEl autor, _c2007 |
||
| 300 | _a68 h. | ||
| 502 | _aTesis (Ing. Agr. Esp. en Zootecnia) UACH. Departamento de Zootecnia | ||
| 650 |
_aGanado porcino _xGuanajuato _945371 |
||
| 650 |
_aGanado porcino _xMercadeo _945383 |
||
| 650 |
_aGanado porcino _xProducción _945399 |
||
| 650 |
_aGranjas porcinas _950413 |
||
| 901 | _aTESIS G 132 | ||
| 902 | _aM | ||
| 910 | _a2007 | ||
| 942 | _c2 | ||
| 942 | _c2 | ||
| 999 |
_c168627 _d168627 |
||